<?xml version="1.0" encoding="UTF-8"?>
<marc:record xmlns:marc="http://www.loc.gov/MARC21/slim">
   <marc:leader>00000nam a2200000 a 4500</marc:leader>
   <marc:datafield ind1="1" ind2=" " tag="100">
      <marc:subfield code="a">Twain, Mark</marc:subfield>
      <marc:subfield code="4">aut</marc:subfield>
      <marc:subfield code="e">Verfasser/-in</marc:subfield>
   </marc:datafield>
   <marc:datafield ind1="1" ind2=" " tag="100">
      <marc:subfield code="a">Reiser, Niki</marc:subfield>
      <marc:subfield code="4">aut</marc:subfield>
      <marc:subfield code="e">Verfasser/-in</marc:subfield>
   </marc:datafield>
   <marc:datafield ind1="1" ind2=" " tag="100">
      <marc:subfield code="a">Arango, Sascha</marc:subfield>
      <marc:subfield code="4">aut</marc:subfield>
      <marc:subfield code="e">Verfasser/-in</marc:subfield>
   </marc:datafield>
   <marc:datafield ind1="1" ind2=" " tag="100">
      <marc:subfield code="a">Diehl, August</marc:subfield>
   </marc:datafield>
   <marc:datafield ind1="1" ind2=" " tag="100">
      <marc:subfield code="a">Ido, Jacky</marc:subfield>
   </marc:datafield>
   <marc:datafield ind1="1" ind2=" " tag="100">
      <marc:subfield code="a">Seidel, Leon</marc:subfield>
   </marc:datafield>
   <marc:datafield ind1="1" ind2=" " tag="100">
      <marc:subfield code="a">Peschel, Milan</marc:subfield>
   </marc:datafield>
   <marc:datafield ind1="1" ind2=" " tag="100">
      <marc:subfield code="a">Hübchen, Henry</marc:subfield>
   </marc:datafield>
   <marc:datafield ind1="0" ind2="0" tag="245">
      <marc:subfield code="a">Die Abenteuer des Huck Finn</marc:subfield>
   </marc:datafield>
   <marc:datafield ind1="0" ind2="0" tag="245">
      <marc:subfield code="c">Schauspieler: Henry Hübchen, Milan Peschel, Leon Seidel, Jacky Ido, August Diehl, Michael Gwisdek, Louis Hofmann; Vorlage: Mark Twain; Montage: Eva Schnare; Kamera: Sebastian Edschmid; Musik: Niki Reiser; Drehbuch: Sascha Arango; Regie: Hermine Huntgeburt</marc:subfield>
   </marc:datafield>
   <marc:datafield ind1=" " ind2="1" tag="264">
      <marc:subfield code="a">Potsdam</marc:subfield>
      <marc:subfield code="b">filmwerte GmbH</marc:subfield>
      <marc:subfield code="c">2022</marc:subfield>
   </marc:datafield>
   <marc:datafield ind1="1" ind2=" " tag="520">
      <marc:subfield code="a">Huck Finn sitzt jeden Tag brav geschniegelt und gestriegelt bei Witwe Douglas und Miss Watson am Tisch und wird vom gehorsamen Haus-Sklaven Jim bedient, geht in die Schule und auch regelmäßig in die Kirche. Schließlich sind er und sein bester Kumpel Tom Sawyer, seit sie bei ihrem letzten Abenteuer einen Schatz gefunden haben, sehr wohlhabende Jungs. &#x96; Was hier nicht stimmt? &#x96; Richtig! Jungs wie Tom &amp; Huck sind doch nicht geschniegelt und gestriegelt! Huck Finn liebt nichts so sehr, wie unter freiem Himmel in seiner Regentonne zu leben, Fische zu fangen und sie am Lagerfeuer am Stock zu braten. Wann immer es geht, stehlen sich die beiden davon</marc:subfield>
   </marc:datafield>
   <marc:datafield ind1=" " ind2=" " tag="041">
      <marc:subfield code="a">ger</marc:subfield>
   </marc:datafield>
   <marc:datafield ind1=" " ind2=" " tag="300">
      <marc:subfield code="a">1 Online-Ressource (105 min), Bild: 16:9 HD</marc:subfield>
   </marc:datafield>
</marc:record>
